000 00704nam a2200265Ia 4500
003 OSt
005 20220912151451.0
006 a|||||r|||| 00| 0
007 ta
008 220909b |||||||| |||| 00| 0 eng d
020 _a0471579505 (hbd)
024 _a14031
037 _cAnnuals, Advances
040 _aCSL
_beng
_cCSL
041 _aeng
082 _aB44, L2;6 TB
100 _aMayeda Wataru
245 0 _aGraph theory
260 _aNew York
_b Wiley-Interscience
_c1972
300 _a588p.
_ccm.
500 _aBibliography 559-577p.
_ccm.
650 _aGraph theory
942 _hB44, L2;6 TB
_cREF
_2CC
999 _c69177
_d69177